Jeruzalém v proroctvích : boží jeviště pro závěrečné drama /

Hlavní autor: Price, Randall, 1951-
Korporativní autor: Kostnická jednota. Misijní odbor
Jazyk: Čeština
Vydáno: Ostrava : A-Alef pro Misijní odbor KJ Praha, 2007
Vydání: Vyd. 1.
Témata:
Fyzický popis: 287 s., [16] s. obr. příl. : il., mapy ; 21 cm
Knihy
Uloženo v:
LEADER 02313nam a2200649 a 4500
001 nkc20071708096
003 CZ PrNK
005 20070709095050.0
007 ta
008 070207s2007 xr abf e 001 0 cze
015 |a cnb001708096 
020 |a 978-80-86509-36-5  |q (A-ALEF :  |q brož.) 
035 |a (OCoLC)187295540 
040 |a BOA001  |b cze  |d ABA001 
041 1 |a cze  |h ger  |h eng 
043 |a a-is--- 
072 7 |a 2-23/-27  |x Bible. Biblistika  |2 Konspekt  |9 5 
080 |a 27-23-534.6  |2 MRF 
080 |a 27-32  |2 MRF 
080 |a 27-175.75  |2 MRF 
080 |a 27-175  |2 MRF 
080 |a 26-726.6-67:27-726.6  |2 MRF 
080 |a 27-1/-9  |2 MRF 
080 |a (569.44)  |2 MRF 
080 |a (049)  |2 MRF 
100 1 |a Price, Randall,  |d 1951-  |7 mzk2007390686  |4 aut 
245 1 0 |a Jeruzalém v proroctvích :  |b boží jeviště pro závěrečné drama /  |c Randall Price ; [překlad z německého vydání Ludmila Hallerová] 
250 |a Vyd. 1. 
260 |a Ostrava :  |b A-Alef pro Misijní odbor KJ Praha,  |c 2007 
300 |a 287 s., [16] s. obr. příl. :  |b il., mapy ;  |c 21 cm 
500 |a Chronologický přehled 
500 |a Terminologický slovník 
504 |a Obsahuje bibliografické odkazy a rejstříky 
630 0 7 |a Bible  |7 unn2006374667  |2 czenas 
650 0 7 |a biblická proroctví  |7 ph138451  |2 czenas 
650 0 7 |a mesianismus  |7 ph122764  |2 czenas 
650 0 7 |a chiliasmus  |7 ph119166  |2 czenas 
650 0 7 |a eschatologie  |7 ph114483  |2 czenas 
650 0 7 |a Židé a křesťané  |7 ph127783  |2 czenas 
650 0 7 |a křesťanské učení  |7 ph122129  |2 czenas 
650 0 9 |a Biblical prophecies  |2 eczenas 
650 0 9 |a Messianism  |2 eczenas 
650 0 9 |a millennialism  |2 eczenas 
650 0 9 |a eschatology  |2 eczenas 
650 0 9 |a Jews and Christians  |2 eczenas 
650 0 9 |a Christian doctrine  |2 eczenas 
655 7 |a pojednání  |7 fd133056  |2 czenas 
655 9 |a essays  |2 eczenas 
651 7 |a Jeruzalém  |7 ge134245  |2 czenas 
651 9 |a Jerusalem  |2 eczenas 
710 2 |a Kostnická jednota.  |b Misijní odbor  |7 kn20030613005 
765 0 8 |i Název anglického originálu:  |t Jerusalem in prophecy  |9 Česky 
910 2 |a BOA001  |b 2-1185.519 
990 |a BK 
995 |a 01 
991 |b 200704  |c NOV 
996 6 |b 2610307792  |c 2-1185.519  |l MZK  |r Sklad / do 1 hodiny  |n 0  |p p.v.  |w 000848095  |u 000010  |a 1  |e BOA001  |j MZK50  |s P